[Event "Ste-Foy - Euwe"]
[Site "Ste-Foy CAN"]
[Date "2019.02.09"]
[Round "5"]
[White "Desbiens, Raphael"]
[Black "Laflamme, Simon"]
[Result "1-0"]
[WhiteElo "2167"]
[BlackElo "1979"]
[PlyCount "37"]
[EventDate "2019.01.12"]
[EventType "swiss"]
[EventRounds "5"]
[EventCountry "CAN"]

1. Nf3 c5 2. g3 Nc6 3. d4 e6 4. c4 cxd4 5. Nxd4 Nf6 6. Bg2 Qb6 7. Nb5 Ne5 8.
Bf4 Bb4+ 9. N1c3 a6 10. Qa4 Nfg4 11. O-O Bc5 12. Ne4 Nxf2 13. Nxf2 axb5 14.
Qxa8 Ng4 15. Qxc8+ Ke7 16. Qxh8 Bxf2+ 17. Kh1 Bg1 18. Qxg7 Nf2+ 19. Rxf2 1-0

[Event "Ste-Foy - Euwe"]
[Site "Ste-Foy CAN"]
[Date "2019.02.09"]
[Round "5"]
[White "Dube, Daniel"]
[Black "Fecteau, Martin"]
[Result "0-1"]
[WhiteElo "1843"]
[BlackElo "1933"]
[PlyCount "64"]
[EventDate "2019.01.12"]
[EventType "swiss"]
[EventRounds "5"]
[EventCountry "CAN"]

1. d4 d5 2. c4 c6 3. Nf3 Nf6 4. Qc2 g6 5. g3 Bg7 6. Bg2 O-O 7. Nbd2 Bf5 8. Qb3
Qc8 9. O-O Nbd7 10. cxd5 cxd5 11. Ne5 Nb6 12. a4 Bc2 13. Qb5 Qe8 14. Qxe8 Raxe8
15. a5 Na8 16. Nb1 Rc8 17. Nc3 Rfd8 18. Bg5 h6 19. Bxf6 exf6 20. Nf3 Bf5 21.
Rfc1 Nc7 22. Nd2 Be6 23. Nb3 Na6 24. Nb5 Rc4 25. e3 Rb4 26. Ra3 Rxb5 27. Bf1
Rb4 28. Bxa6 bxa6 29. Kg2 Rc8 30. Rc3 Rxc3 31. bxc3 Rc4 32. Nc5 Bf8 0-1

[Event "Ste-Foy - Euwe"]
[Site "Ste-Foy CAN"]
[Date "2019.02.09"]
[Round "5"]
[White "Mercure, Gilbert"]
[Black "Kamara, Adama"]
[Result "1-0"]
[WhiteElo "1941"]
[BlackElo "1659"]
[PlyCount "111"]
[EventDate "2019.01.12"]
[EventType "swiss"]
[EventRounds "5"]
[EventCountry "CAN"]

1. e4 d5 2. exd5 Nf6 3. Nc3 Nxd5 4. Bc4 Nb6 5. Bb3 c5 6. d3 Nc6 7. Bf4 e5 8.
Be3 Be7 9. a4 Nd4 10. Ba2 Be6 11. a5 Nd5 12. Nge2 Nb4 13. Bxd4 exd4 14. Bxe6
fxe6 15. Ne4 O-O 16. O-O Qc7 17. f4 Nd5 18. Qd2 Ne3 19. Rf3 Bd6 20. g3 e5 21.
fxe5 Rxf3 22. exd6 Qf7 23. Nf4 Rxf4 24. gxf4 Qxf4 25. Qf2 Qe5 26. Qg3 Qxg3+ 27.
hxg3 Rd8 28. c3 Nf5 29. cxd4 cxd4 30. Ra4 Nxd6 31. Rxd4 Nf7 32. Rxd8+ Nxd8 33.
Nd6 Kf8 34. Kf2 Ke7 35. Nc8+ Ke6 36. Nxa7 Kd5 37. b4 h5 38. b5 g5 39. Nc8 Kc5
40. a6 bxa6 41. bxa6 Nc6 42. a7 Nxa7 43. Nxa7 Kd4 44. Nc6+ Kxd3 45. Ne5+ Ke4
46. Nf3 Kf5 47. Nh2 Ke4 48. Nf1 h4 49. g4 Kf4 50. Nh2 h3 51. Kf1 Ke3 52. Ke1
Ke4 53. Ke2 Kf4 54. Kf2 Ke4 55. Kg3 Ke3 56. Nf3 1-0

[Event "Ste-Foy - Euwe"]
[Site "Ste-Foy CAN"]
[Date "2019.02.09"]
[Round "5"]
[White "Sauve, Richard"]
[Black "Poliquin, Yvon"]
[Result "1/2-1/2"]
[WhiteElo "1810"]
[BlackElo "1888"]
[PlyCount "50"]
[EventDate "2019.01.12"]
[EventType "swiss"]
[EventRounds "5"]
[EventCountry "CAN"]

1. d4 d5 2. c4 Bf5 3. cxd5 Bxb1 4. Rxb1 Qxd5 5. Qb3 Qxb3 6. axb3 e6 7. Nf3 Bb4+
8. Bd2 Bxd2+ 9. Nxd2 Nf6 10. e3 O-O 11. Be2 Nc6 12. Bf3 Nd5 13. Ke2 Rfd8 14.
Rhc1 f5 15. Rc5 Rd7 16. Rbc1 Rc8 17. Nc4 a6 18. Na5 Nxa5 19. Rxa5 c6 20. Rac5
Kf7 21. g3 Rcd8 22. R5c4 Ne7 23. R4c2 Nd5 24. Rc4 Ne7 25. R4c2 Nd5 1/2-1/2

[Event "Ste-Foy - Fischer"]
[Site "Ste-Foy CAN"]
[Date "2019.10.19"]
[Round "1"]
[White "Auger, Bertrand"]
[Black "Tremblay, Charles"]
[Result "1-0"]
[WhiteElo "1946"]
[BlackElo "1515"]
[PlyCount "107"]
[EventDate "2019.10.19"]
[EventType "swiss"]
[EventRounds "3"]
[EventCountry "CAN"]

1. Nf3 d5 2. g3 Nc6 3. d4 Nf6 4. Bg2 e6 5. O-O Be7 6. c4 dxc4 7. Qa4 O-O 8.
Qxc4 Qd5 9. Qd3 Qe4 10. Qxe4 Nxe4 11. Ne5 Nxe5 12. dxe5 Nc5 13. Nc3 Rb8 14. Be3
b6 15. Nb5 Ba6 16. Nxa7 Bxe2 17. Rfe1 Bc4 18. Nc6 Rbe8 19. Red1 Nd3 20. b3 Ba6
21. Bf1 Nb4 22. Bxa6 Nxa6 23. Rd7 Ba3 24. Rad1 h6 25. h4 Rc8 26. Kg2 Kh7 27. h5
Bc5 28. Kf3 f6 29. exf6 Rxf6+ 30. Ke2 Bxe3 31. Kxe3 Rcf8 32. f4 Rf5 33. Re7
Rxh5 34. Rdd7 Rg8 35. b4 Rd5 36. Rxd5 exd5 37. a3 b5 38. Kd4 Kg6 39. g4 Rf8 40.
f5+ Kf6 41. Re6+ Kg5 42. Rg6+ Kf4 43. Ne5 Re8 44. Nd3+ Kf3 45. Rxa6 Re4+ 46.
Kxd5 Re3 47. Kd4 Re4+ 48. Kc3 Kg3 49. Re6 Rxg4 50. Re3+ Kg2 51. Re2+ Kg1 52.
Kd2 h5 53. Ne1 h4 54. Nf3+ 1-0

[Event "Ste-Foy - Fischer"]
[Site "Ste-Foy CAN"]
[Date "2019.10.19"]
[Round "1"]
[White "Chabot, Michelin"]
[Black "Fecteau, Martin"]
[Result "1-0"]
[WhiteElo "1538"]
[BlackElo "1951"]
[PlyCount "61"]
[EventDate "2019.10.19"]
[EventType "swiss"]
[EventRounds "3"]
[EventCountry "CAN"]

1. d4 d5 2. c4 c6 3. Nc3 Nf6 4. Nf3 Nbd7 5. Bg5 h6 6. Bh4 Qb6 7. Qc2 e6 8. c5
Qa5 9. a3 Be7 10. b4 Qd8 11. e3 O-O 12. Bd3 Ne8 13. Bxe7 Qxe7 14. O-O e5 15. e4
dxe4 16. Nxe4 exd4 17. Nxd4 Ndf6 18. Rfe1 Qc7 19. h3 Nxe4 20. Rxe4 Nf6 21. Re2
Bd7 22. Rae1 Nd5 23. Bf5 a5 24. Bxd7 Qxd7 25. Qc4 axb4 26. axb4 Ra3 27. Re5
Rfa8 28. Nf5 Ra1 29. Qg4 Rxe1+ 30. Rxe1 g6 31. Nxh6+ 1-0

[Event "Ste-Foy - Fischer"]
[Site "Ste-Foy CAN"]
[Date "2019.10.19"]
[Round "1"]
[White "Darveau, Michel"]
[Black "Sauve, Richard"]
[Result "0-1"]
[WhiteElo "1498"]
[BlackElo "1924"]
[PlyCount "48"]
[EventDate "2019.10.19"]
[EventType "swiss"]
[EventRounds "3"]
[EventCountry "CAN"]

1. e4 e6 2. d4 d5 3. exd5 exd5 4. Nf3 Bd6 5. c4 dxc4 6. Bxc4 Nf6 7. O-O O-O 8.
Bg5 h6 9. Bxf6 Qxf6 10. Nbd2 Bf5 11. Qb3 Nc6 12. Bd5 Nxd4 13. Nxd4 Qxd4 14.
Rad1 Qb6 15. Bxb7 Qxb3 16. axb3 Rab8 17. Bd5 Bd3 18. Rfe1 Bb4 19. Re3 Bc2 20.
Ree1 Bxd1 21. Rxd1 Bxd2 22. Rxd2 Rfd8 23. Rd3 Rd6 24. h3 Rbd8 0-1

[Event "Ste-Foy - Fischer"]
[Site "Ste-Foy CAN"]
[Date "2019.10.19"]
[Round "1"]
[White "Laflamme, Simon"]
[Black "Jean, Martin"]
[Result "1-0"]
[WhiteElo "2047"]
[BlackElo "1596"]
[PlyCount "59"]
[EventDate "2019.10.19"]
[EventType "swiss"]
[EventRounds "3"]
[EventCountry "CAN"]

1. d4 f5 2. c4 e6 3. Nc3 Nf6 4. f3 Bb4 5. e3 Bxc3+ 6. bxc3 b6 7. Bd3 O-O 8. Ne2
Bb7 9. O-O Qe8 10. Qc2 Nc6 11. e4 fxe4 12. fxe4 e5 13. Ba3 d6 14. c5 Qd7 15. d5
Ng4 16. dxc6 Bxc6 17. Qd2 bxc5 18. Bc4+ Kh8 19. Ng3 Qe7 20. Nf5 Rxf5 21. Rxf5
Qh4 22. g3 Qh3 23. Raf1 Nf6 24. Bd5 Bxd5 25. Qxd5 Rg8 26. Qe6 Qh6 27. Bc1 Qg6
28. Bg5 h5 29. Bxf6 gxf6 30. Rxf6 1-0

[Event "Ste-Foy - Fischer"]
[Site "Ste-Foy CAN"]
[Date "2019.10.19"]
[Round "1"]
[White "Oliver, Vance"]
[Black "Drolet, Stephane"]
[Result "0-1"]
[WhiteElo "1643"]
[BlackElo "2112"]
[PlyCount "58"]
[EventDate "2019.10.19"]
[EventType "swiss"]
[EventRounds "3"]
[EventCountry "CAN"]

1. Nf3 c5 2. g3 Nc6 3. Bg2 d5 4. d3 e5 5. Nbd2 Be6 6. e4 d4 7. O-O Be7 8. Nc4
f6 9. a4 Qd7 10. a5 Bd8 11. Bd2 Nge7 12. Nh4 Bc7 13. Qh5+ g6 14. Qe2 g5 15. Nf3
Bg4 16. Qe1 h5 17. Bxg5 Bxf3 18. Bxf6 Bxg2 19. Kxg2 Rf8 20. Bg5 Qg4 21. h4 Qf3+
22. Kg1 O-O-O 23. Nd2 Qg4 24. Kg2 Rd7 25. Qd1 Qxd1 26. Rfxd1 Bxa5 27. Nc4 Bc7
28. Rf1 Ng6 29. Ra4 b5 0-1

[Event "Ste-Foy - Fischer"]
[Site "Ste-Foy CAN"]
[Date "2019.10.19"]
[Round "1"]
[White "Roy, Benjamin"]
[Black "Perron, Jonathan"]
[Result "0-1"]
[WhiteElo "1575"]
[BlackElo "1999"]
[PlyCount "59"]
[EventDate "2019.10.19"]
[EventType "swiss"]
[EventRounds "3"]
[EventCountry "CAN"]

1. e4 c5 2. Nf3 e6 3. d4 cxd4 4. Nxd4 a6 5. c4 Nf6 6. Nc3 d6 7. Be3 Be7 8. Be2
b6 9. Qd2 Bb7 10. f3 Qc7 11. Rc1 Nbd7 12. O-O O-O 13. Rfd1 Rac8 14. b3 Rfe8 15.
Bd3 Qb8 16. Bb1 Bd8 17. Qe2 Bc7 18. f4 Qa8 19. Bd2 g6 20. Re1 b5 21. Kh1 Bb6
22. Nf3 bxc4 23. bxc4 d5 24. e5 Ng4 25. Nd1 dxc4 26. Rxc4 Rxc4 27. Qxc4 Bxf3
28. Be4 Bxe4 29. Rxe4 Rd8 30. Qe2 0-1

[Event "Ste-Foy - Fischer"]
[Site "Ste-Foy CAN"]
[Date "2019.10.26"]
[Round "2"]
[White "Drolet, Stephane"]
[Black "Auger, Bertrand"]
[Result "1-0"]
[WhiteElo "2112"]
[BlackElo "1946"]
[PlyCount "43"]
[EventDate "2019.10.19"]
[EventType "swiss"]
[EventRounds "3"]
[EventCountry "CAN"]

1. d4 Nf6 2. Nf3 b6 3. Bg5 Ne4 4. Bh4 g6 5. Nbd2 Bb7 6. e3 Bg7 7. Bd3 d5 8. c4
O-O 9. cxd5 Nxd2 10. Qxd2 Qxd5 11. Bxe7 Re8 12. Ba3 Bxd4 13. Nxd4 Qxd4 14. O-O
Qd5 15. e4 Rxe4 16. Bxe4 Qxd2 17. Bxb7 Na6 18. Bxa8 c5 19. Rad1 Qf4 20. b3 Qf6
21. Rd7 Nb8 22. Rd2 1-0

[Event "Ste-Foy - Fischer"]
[Site "Ste-Foy CAN"]
[Date "2019.10.26"]
[Round "2"]
[White "Lescarbeau, Martin"]
[Black "Poliquin, Yvon"]
[Result "0-1"]
[WhiteElo "1687"]
[BlackElo "1953"]
[PlyCount "22"]
[EventDate "2019.10.19"]
[EventType "swiss"]
[EventRounds "3"]
[EventCountry "CAN"]

1. d4 d5 2. Nc3 e6 3. e4 Bb4 4. e5 c5 5. a3 Bxc3+ 6. bxc3 Nc6 7. Qg4 Nge7 8.
Qxg7 Rg8 9. Qxh7 cxd4 10. Nf3 Qc7 11. cxd4 Nxd4 0-1

[Event "Ste-Foy - Fischer"]
[Site "Ste-Foy CAN"]
[Date "2019.10.26"]
[Round "2"]
[White "Sauve, Richard"]
[Black "Laflamme, Simon"]
[Result "1/2-1/2"]
[WhiteElo "1924"]
[BlackElo "2047"]
[PlyCount "24"]
[EventDate "2019.10.19"]
[EventType "swiss"]
[EventRounds "3"]
[EventCountry "CAN"]

1. d4 d6 2. c4 e5 3. e3 Nc6 4. Nc3 g6 5. Nf3 Bg7 6. Be2 Nh6 7. dxe5 Nxe5 8.
Nxe5 dxe5 9. Qxd8+ Kxd8 10. O-O c6 11. Rd1+ Kc7 12. e4 Be6 1/2-1/2

[Event "Ste-Foy - Fischer"]
[Site "Ste-Foy CAN"]
[Date "2019.10.26"]
[Round "2"]
[White "Theodorescu, Paul"]
[Black "Sarra-Bournet, Marc"]
[Result "0-1"]
[WhiteElo "1638"]
[BlackElo "1787"]
[PlyCount "54"]
[EventDate "2019.10.19"]
[EventType "swiss"]
[EventRounds "3"]
[EventCountry "CAN"]

1. e4 e5 2. d4 exd4 3. c3 d5 4. exd5 Qxd5 5. cxd4 Bb4+ 6. Nc3 Nf6 7. a3 Bxc3+
8. bxc3 O-O 9. Nf3 Re8+ 10. Be2 Bg4 11. O-O Nc6 12. c4 Qh5 13. Bb2 Rad8 14. d5
Ne4 15. Qc2 Na5 16. Rfe1 c6 17. Rad1 cxd5 18. cxd5 Rxd5 19. Qa4 Bd7 20. Qb4 Bc6
21. Nd4 Qg6 22. f3 Nc5 23. Bd3 Rxe1+ 24. Rxe1 Nxd3 25. Qe7 Nxe1 26. Nxc6 Nxf3+
27. Kf2 Qxc6 0-1

[Event "Ste-Foy - Fischer"]
[Site "Ste-Foy CAN"]
[Date "2019.11.09"]
[Round "3"]
[White "Auger, Bertrand"]
[Black "Michaud, Jacques"]
[Result "1-0"]
[WhiteElo "1946"]
[BlackElo "1551"]
[PlyCount "91"]
[EventDate "2019.10.19"]
[EventType "swiss"]
[EventRounds "3"]
[EventCountry "CAN"]

1. Nf3 Nf6 2. g3 g6 3. b4 Bg7 4. Bb2 O-O 5. Bg2 d5 6. d3 c6 7. Nbd2 Qb6 8. Rb1
Nbd7 9. O-O Re8 10. Ne5 Qc7 11. Ndf3 Nxe5 12. Bxe5 Qb6 13. Rb3 Ng4 14. Bxg7
Kxg7 15. h3 Nh6 16. Qa1+ Kg8 17. c4 Be6 18. Ng5 dxc4 19. Nxe6 fxe6 20. dxc4 Nf5
21. Qe5 Kf7 22. Rf3 Qxb4 23. g4 Qxc4 24. gxf5 exf5 25. Rb1 b5 26. Rbb3 Rad8 27.
Rfc3 Rd1+ 28. Kh2 Qh4 29. Qg3 Qxg3+ 30. Kxg3 Rd2 31. Bxc6 Red8 32. Bxb5 Rxa2
33. Bc4+ Kf6 34. Ra3 f4+ 35. Kf3 Rxa3 36. Rxa3 Rd7 37. h4 e5 38. Ra6+ Kg7 39.
Bd3 Rc7 40. Ke4 Re7 41. Bc4 Kh6 42. Be6 Kh5 43. Kxe5 Kxh4 44. Kf6 Rc7 45. Ra3
f3 46. Rxf3 1-0

[Event "Ste-Foy - Fischer"]
[Site "Ste-Foy CAN"]
[Date "2019.11.09"]
[Round "3"]
[White "Chouinard, Etienne"]
[Black "Sauve, Richard"]
[Result "0-1"]
[WhiteElo "1844"]
[BlackElo "1924"]
[PlyCount "90"]
[EventDate "2019.10.19"]
[EventType "swiss"]
[EventRounds "3"]
[EventCountry "CAN"]

1. Nf3 d5 2. g3 e6 3. Bg2 f5 4. d4 Nf6 5. O-O Bd6 6. Nc3 c6 7. Ne5 O-O 8. Bf4
Qc7 9. Qd2 Nbd7 10. Nxd7 Bxd7 11. Bxd6 Qxd6 12. f3 e5 13. e4 dxe4 14. fxe4
Qxd4+ 15. Qxd4 exd4 16. Ne2 Nxe4 17. Nxd4 Rae8 18. Rae1 Nd2 19. Rxe8 Rxe8 20.
Rd1 Nc4 21. Nb5 Nb6 22. Nc3 Be6 23. Kf2 Kf7 24. b3 Re7 25. Ne2 Bd5 26. Bxd5+
Nxd5 27. c4 Nf6 28. Nc3 Rd7 29. Rxd7+ Nxd7 30. Ke3 g5 31. h4 h6 32. Ne2 Kf6 33.
Kd4 Ne5 34. hxg5+ hxg5 35. a4 Nd7 36. b4 b6 37. b5 cxb5 38. axb5 Ke6 39. Nc3
Nf6 40. c5 bxc5+ 41. Kxc5 Ne4+ 42. Nxe4 fxe4 43. Kd4 Kf5 44. Ke3 Kg4 45. Kxe4
Kxg3 0-1

[Event "Ste-Foy - Fischer"]
[Site "Ste-Foy CAN"]
[Date "2019.11.09"]
[Round "3"]
[White "Laflamme, Simon"]
[Black "Perron, Jonathan"]
[Result "1-0"]
[WhiteElo "2047"]
[BlackElo "1999"]
[PlyCount "77"]
[EventDate "2019.10.19"]
[EventType "swiss"]
[EventRounds "3"]
[EventCountry "CAN"]

1. d4 Nf6 2. c4 e6 3. Nc3 Bb4 4. e3 O-O 5. Bd3 c5 6. Nf3 d5 7. O-O Nc6 8. a3
Bxc3 9. bxc3 dxc4 10. Bxc4 Qc7 11. h3 e5 12. Ba2 e4 13. Nd2 Na5 14. Qe2 Bd7 15.
Bb2 c4 16. a4 Bxa4 17. Ba3 Rfe8 18. Bc5 Bc2 19. Bb1 Bd3 20. Bxd3 cxd3 21. Qd1
Nd5 22. Qa4 b6 23. Rfc1 Re6 24. Bb4 Nc6 25. Ba3 Rc8 26. c4 Nxe3 27. fxe3 Nxd4
28. exd4 e3 29. Re1 Qf4 30. Nf3 d2 31. Re2 Rd8 32. Rf1 Qe4 33. Qb3 h6 34. d5
Ree8 35. Nxd2 Qe5 36. Nf3 Qe4 37. Bc1 b5 38. Rxe3 bxc4 39. Qa4 1-0

[Event "Ste-Foy - Fischer"]
[Site "Ste-Foy CAN"]
[Date "2019.11.09"]
[Round "3"]
[White "Poliquin, Yvon"]
[Black "Drolet, Stephane"]
[Result "1/2-1/2"]
[WhiteElo "1953"]
[BlackElo "2112"]
[PlyCount "46"]
[EventDate "2019.10.19"]
[EventType "swiss"]
[EventRounds "3"]
[EventCountry "CAN"]

1. e4 Nc6 2. d4 d5 3. exd5 Qxd5 4. Nf3 e5 5. Nc3 Bb4 6. Bd2 Bxc3 7. Bxc3 e4 8.
Ne5 Nxe5 9. dxe5 Ne7 10. Qxd5 Nxd5 11. Bd2 Bf5 12. O-O-O O-O 13. Bg5 Nb6 14.
Be2 Rfe8 15. g4 Be6 16. Rd4 c5 17. Rd2 c4 18. Rhd1 c3 19. Rd4 cxb2+ 20. Kxb2
Rac8 21. Rd8 Bc4 22. Rxc8 Rxc8 23. Rd2 h6 1/2-1/2

[Event "Ste-Foy - Fischer"]
[Site "Ste-Foy CAN"]
[Date "2019.11.09"]
[Round "3"]
[White "Sarra-Bournet, Marc"]
[Black "Fecteau, Martin"]
[Result "0-1"]
[WhiteElo "1787"]
[BlackElo "1951"]
[PlyCount "66"]
[EventDate "2019.10.19"]
[EventType "swiss"]
[EventRounds "3"]
[EventCountry "CAN"]

1. e4 c5 2. Nc3 Nc6 3. f4 g6 4. Nf3 Bg7 5. Bc4 e6 6. f5 Nge7 7. d3 d5 8. Bb3
dxe4 9. Nxe4 exf5 10. Neg5 O-O 11. c3 h6 12. Nxf7 Rxf7 13. Bxf7+ Kxf7 14. O-O
Kg8 15. Re1 Qd5 16. Be3 b6 17. d4 cxd4 18. Bxd4 Nxd4 19. cxd4 Nc6 20. Rc1 Bb7
21. Qa4 Nxd4 22. Re8+ Kh7 23. Re7 Nxf3+ 24. gxf3 Rc8 25. Rxc8 Bxc8 26. Qxa7
Qd4+ 27. Kf1 f4 28. Qa3 h5 29. Re4 Bh3+ 30. Ke2 Qg1 31. Rxf4 Bf1+ 32. Kd2 Qxh2+
33. Ke3 Qe2# 0-1

[Event "Ste-Foy - Morphy"]
[Site "Ste-Foy CAN"]
[Date "2019.02.16"]
[Round "1"]
[White "Desbiens, Raphael"]
[Black "Sarra-Bournet, Marc"]
[Result "1-0"]
[WhiteElo "2201"]
[BlackElo "1852"]
[PlyCount "129"]
[EventDate "2019.02.16"]
[EventType "swiss"]
[EventRounds "5"]
[EventCountry "CAN"]

1. e4 e5 2. Nf3 Nc6 3. Bb5 a6 4. Ba4 Nf6 5. O-O Be7 6. d3 d6 7. c3 O-O 8. h3 h6
9. Qe2 Nh7 10. d4 b5 11. Bb3 Bf6 12. Bd5 Bb7 13. a4 b4 14. dxe5 dxe5 15. cxb4
Nd4 16. Nxd4 Bxd5 17. Nf3 Bb7 18. Nc3 Qd6 19. Qc4 Rfd8 20. Be3 c6 21. Bb6 Re8
22. Rfd1 Qe6 23. b3 Nf8 24. Rd2 Qc8 25. Rad1 Qe6 26. Bc5 Qxc4 27. bxc4 a5 28.
Bxf8 Kxf8 29. b5 cxb5 30. Nxb5 Bxe4 31. Nc7 Rac8 32. Nxe8 Kxe8 33. Nxe5 Bxe5
34. Re2 Rxc4 35. Rde1 f5 36. f3 Bc3 37. Rb1 Rxa4 38. fxe4 fxe4 39. Rc2 Ra3 40.
Rb7 Bd4+ 41. Kf1 Rc3 42. Rxc3 Bxc3 43. Ke2 Bd4 44. Rb5 Ke7 45. Rxa5 Ke6 46. Ra8
Kf5 47. Rf8+ Bf6 48. Ke3 h5 49. g3 g5 50. g4+ hxg4 51. hxg4+ Ke6 52. Kxe4 Be7
53. Ra8 Kf6 54. Ra6+ Kg7 55. Kf5 Kf7 56. Ra7 Kf8 57. Kg6 Ke8 58. Rxe7+ Kxe7 59.
Kxg5 Kf7 60. Kh6 Kg8 61. Kg6 Kh8 62. g5 Kg8 63. Kh6 Kh8 64. g6 Kg8 65. g7 1-0

[Event "Ste-Foy - Morphy"]
[Site "Ste-Foy CAN"]
[Date "2019.02.16"]
[Round "1"]
[White "Dube, Daniel"]
[Black "Laflamme, Simon"]
[Result "0-1"]
[WhiteElo "1804"]
[BlackElo "1973"]
[PlyCount "50"]
[EventDate "2019.02.16"]
[EventType "swiss"]
[EventRounds "5"]
[EventCountry "CAN"]

1. e4 e6 2. d4 d5 3. Nd2 Nf6 4. e5 Nfd7 5. Bd3 c5 6. c3 Nc6 7. Ne2 f6 8. exf6
Nxf6 9. Nf3 cxd4 10. cxd4 Bd6 11. O-O O-O 12. Bf4 Nh5 13. Bxd6 Qxd6 14. Re1 Bd7
15. Nc3 a6 16. Ng5 Nf6 17. Nf3 Ng4 18. Bxh7+ Kxh7 19. Ng5+ Kg8 20. Qxg4 e5 21.
dxe5 Nxe5 22. Qh5 Bf5 23. Qe2 Rae8 24. f4 Ng4 25. Qxe8 Qc5+ 0-1

[Event "Ste-Foy - Morphy"]
[Site "Ste-Foy CAN"]
[Date "2019.02.16"]
[Round "1"]
[White "Fecteau, Martin"]
[Black "Dube, Dominic"]
[Result "0-1"]
[WhiteElo "1951"]
[BlackElo "1774"]
[PlyCount "76"]
[EventDate "2019.02.16"]
[EventType "swiss"]
[EventRounds "5"]
[EventCountry "CAN"]

1. Nf3 c6 2. g3 d5 3. Bg2 Bf5 4. d3 Nd7 5. Nbd2 e5 6. e4 Bg6 7. Nh4 Ngf6 8. O-O
Be7 9. Nxg6 hxg6 10. exd5 cxd5 11. c3 Nc5 12. Nf3 e4 13. dxe4 Nfxe4 14. Be3 Qd7
15. Ne5 Qe6 16. Bd4 Qf5 17. b4 Ne6 18. f3 N4g5 19. g4 Qf4 20. Kf2 Rxh2 21. Rh1
Nh3+ 22. Kf1 Rxh1+ 23. Bxh1 Qh2 24. Bg2 Nef4 25. Qa4+ Kf8 26. Qc2 Rc8 27. Qd2
Bg5 28. Rd1 Nh5 29. gxh5 Bxd2 30. Rxd2 gxh5 31. Bxh3 Qxh3+ 32. Rg2 f6 33. Ng6+
Kf7 34. Nf4 Qxf3+ 35. Rf2 Qh1+ 36. Ke2 Re8+ 37. Kd2 Qb1 38. Nxh5 Re1 0-1

[Event "Ste-Foy - Morphy"]
[Site "Ste-Foy CAN"]
[Date "2019.02.16"]
[Round "1"]
[White "Lescarbeau, Martin"]
[Black "Sauve, Richard"]
[Result "1-0"]
[WhiteElo "1722"]
[BlackElo "1890"]
[PlyCount "109"]
[EventDate "2019.02.16"]
[EventType "swiss"]
[EventRounds "5"]
[EventCountry "CAN"]

1. e4 e6 2. d4 d5 3. e5 c5 4. c3 Nc6 5. a3 Qb6 6. Nf3 Nh6 7. b4 cxd4 8. cxd4
Nf5 9. Bb2 Bd7 10. Be2 Be7 11. O-O O-O 12. Kh1 a5 13. b5 a4 14. Nc3 Ncxd4 15.
Nxd5 exd5 16. Nxd4 Nxd4 17. Bxd4 Qa5 18. Qd3 Rac8 19. Rfc1 Rxc1+ 20. Rxc1 Rc8
21. Rxc8+ Bxc8 22. h3 Bd7 23. Kh2 Qc7 24. g3 Qc1 25. Bd1 Qxa3 26. Qxa3 Bxa3 27.
Bxa4 Be6 28. b6 Kf8 29. Bc6 Bc8 30. Bxd5 Ke7 31. f4 f6 32. g4 Bb4 33. Kg3 Be1+
34. Kf3 Bb4 35. Ke4 Ba3 36. f5 Bb4 37. h4 Be1 38. Bc5+ Ke8 39. exf6 gxf6 40. g5
Bxh4 41. g6 hxg6 42. fxg6 f5+ 43. Ke5 Bg3+ 44. Kf6 Bh4+ 45. Kg7 f4 46. Kh6 Bf6
47. g7 Bxg7+ 48. Kxg7 Kd8 49. Kf6 Bg4 50. Bxb7 f3 51. Be7+ Kd7 52. Ba6 f2 53.
b7 f1=Q+ 54. Bxf1 Kc7 55. Bg2 1-0

[Event "Ste-Foy - Morphy"]
[Site "Ste-Foy CAN"]
[Date "2019.02.16"]
[Round "1"]
[White "Poliquin, Yvon"]
[Black "Picard, Christian"]
[Result "1-0"]
[WhiteElo "1888"]
[BlackElo "1678"]
[PlyCount "71"]
[EventDate "2019.02.16"]
[EventType "swiss"]
[EventRounds "5"]
[EventCountry "CAN"]

1. e4 d5 2. exd5 Qxd5 3. Nf3 Nf6 4. d4 Bf5 5. Be2 c6 6. O-O e6 7. Bf4 Qd8 8. c4
Bd6 9. Bxd6 Qxd6 10. Nc3 Nbd7 11. Qb3 O-O 12. Rfd1 Rfb8 13. a4 a5 14. h3 h6 15.
d5 Qb4 16. Qa2 Nc5 17. Nd4 Bh7 18. dxc6 Qb6 19. cxb7 Rxb7 20. Bf3 Nce4 21. Nxe4
Bxe4 22. Bxe4 Nxe4 23. Qb1 Nxf2 24. Kxf2 e5 25. c5 Qxc5 26. Qe4 Rxb2+ 27. Kf1
Re8 28. Qc6 Rc8 29. Qxc5 Rxc5 30. Nf3 Rcc2 31. Ne1 e4 32. Nxc2 Rxc2 33. Rd5 e3
34. Re5 Rf2+ 35. Kg1 Re2 36. Ra3 1-0

[Event "Ste-Foy - Morphy"]
[Site "Ste-Foy CAN"]
[Date "2019.02.16"]
[Round "1"]
[White "Roy, Benjamin"]
[Black "Chouinard, Etienne"]
[Result "0-1"]
[WhiteElo "1675"]
[BlackElo "1868"]
[PlyCount "86"]
[EventDate "2019.02.16"]
[EventType "swiss"]
[EventRounds "5"]
[EventCountry "CAN"]

1. e4 e5 2. Nf3 Nc6 3. Bb5 Nf6 4. d3 d6 5. c3 a6 6. Ba4 b5 7. Bc2 Be7 8. h3 Bb7
9. Be3 O-O 10. Nbd2 Re8 11. Rc1 d5 12. Nb3 dxe4 13. dxe4 Bd6 14. O-O Ne7 15.
Nc5 Bc6 16. b4 Ng6 17. Re1 Qe7 18. Bb3 h6 19. Qc2 a5 20. a3 a4 21. Ba2 Nd7 22.
Nxd7 Bxd7 23. Rcd1 Be6 24. Bb1 Bb3 25. Qd3 Bxd1 26. Rxd1 Rab8 27. Qc2 Qf6 28.
Nh2 Rbd8 29. Rf1 Nf4 30. Ng4 Qg6 31. Kh2 h5 32. g3 hxg4 33. Bxf4 exf4 34. hxg4
Qxg4 35. e5 Qh5+ 36. Kg2 f3+ 37. Kg1 Qh3 38. Qh7+ Qxh7 39. Bxh7+ Kxh7 40. exd6
Rxd6 41. Kh2 Rh6+ 42. Kg1 Rh8 43. Rd1 Kg6 0-1

[Event "Ste-Foy - Morphy"]
[Site "Ste-Foy CAN"]
[Date "2019.02.23"]
[Round "2"]
[White "Chouinard, Etienne"]
[Black "Desbiens, Raphael"]
[Result "0-1"]
[WhiteElo "1868"]
[BlackElo "2201"]
[PlyCount "124"]
[EventDate "2019.02.16"]
[EventType "swiss"]
[EventRounds "5"]
[EventCountry "CAN"]

1. d4 Nf6 2. c4 g6 3. Nc3 d5 4. cxd5 Nxd5 5. e4 Nxc3 6. bxc3 Bg7 7. Be3 c5 8.
Qd2 Qa5 9. Bc4 Nc6 10. Ne2 cxd4 11. cxd4 Qxd2+ 12. Kxd2 O-O 13. Rad1 Na5 14.
Bb3 Rd8 15. Kc3 Nxb3 16. Kxb3 Bd7 17. Rd2 a5 18. Nc3 b5 19. a4 b4 20. Ne2 Rdc8
21. Rc1 Rxc1 22. Nxc1 Rc8 23. Ne2 f5 24. e5 e6 25. f4 Bc6 26. g3 Bf3 27. Kb2
Rc4 28. Nc1 Bd5 29. Rc2 Rxc2+ 30. Kxc2 Bc6 31. Kb3 Kf7 32. Nd3 Bf8 33. Nb2 Bd5+
34. Kc2 b3+ 35. Kd3 Bb4 36. Bc1 h5 37. Nd1 Bf3 38. Nc3 Be4+ 39. Kc4 Bc2 40. h4
Ke7 41. Bb2 Kd7 42. d5 exd5+ 43. Kxd5 Bd3 44. Kd4 Bf1 45. Kd5 Ba6 46. Ba1 Bd3
47. Bb2 Bf1 48. Ba1 Bd3 49. Bb2 Bc2 50. e6+ Ke7 51. Nb5 Be4+ 52. Ke5 Bc6 53.
Nc3 Bc5 54. Bc1 Bb7 55. Bb2 Bd6+ 56. Kd4 Bc8 57. Nd5+ Kxe6 58. Nb6 Ba6 59. Kc3
Bc5 60. Na8 Kd7 61. Kxb3 Bb7 62. Kc4 Bf2 0-1

[Event "Ste-Foy - Morphy"]
[Site "Ste-Foy CAN"]
[Date "2019.02.23"]
[Round "2"]
[White "Dube, Dominic"]
[Black "Poliquin, Yvon"]
[Result "0-1"]
[WhiteElo "1774"]
[BlackElo "1888"]
[PlyCount "108"]
[EventDate "2019.02.16"]
[EventType "swiss"]
[EventRounds "5"]
[EventCountry "CAN"]

1. e4 g6 2. d4 Bg7 3. Nf3 b6 4. Be3 Bb7 5. Nbd2 e6 6. c3 Ne7 7. Bc4 O-O 8. e5
d6 9. exd6 cxd6 10. h4 Nd7 11. h5 Rc8 12. hxg6 hxg6 13. Qb3 Bd5 14. Bg5 Rxc4
15. Bxe7 Qxe7 16. Nxc4 Rc8 17. Nfd2 Nf6 18. Qb4 Bf8 19. Ne3 Ba8 20. O-O-O Qc7
21. d5 Nxd5 22. Qh4 Bg7 23. Ne4 Nxe3 24. Nf6+ Kf8 25. fxe3 Qe7 26. Nh7+ Ke8 27.
Qb4 Rc5 28. e4 Qc7 29. Rh3 a5 30. Qa4+ b5 31. Qc2 b4 32. Kd2 bxc3+ 33. bxc3 d5
34. Ng5 Qf4+ 35. Ke2 Qxg5 36. Kf2 Qf6+ 37. Rf3 Qh4+ 38. Kg1 Qxe4 39. Qf2 Rxc3
40. Qa7 Rxf3 41. Qxa8+ Ke7 42. Qa7+ Kf6 43. gxf3 Qe5 44. f4 Qc3 45. Qf2 Bf8 46.
Kg2 Bc5 47. Qh4+ Kg7 48. Re1 Qd2+ 49. Kf1 Bd6 50. Qd8 Qxf4+ 51. Ke2 Bb4 52. Rf1
Qc4+ 53. Kf2 Bc5+ 54. Kg2 Qe2+ 0-1